Southville International School and Colleges
Your cart is empty.
  • Cart
  • Lists
    Public lists Eva Luna New books Lux_list list_1
    Your lists Log in to create your own lists
  • Log in to your account
  • Your cookies
  • Search history
Southville International School and Colleges
  • Advanced search
  • Recent comments
  • Most popular
  • Libraries

Log in to your account

Log in with GOOGLE


If you do not have an external account, but do have a local account, you can still log in:

  1. Home
  2. MARC view: Theory and practice of public administration in the Philippines /
Normal view MARC view ISBD view

Theory and practice of public administration in the Philippines / (Record no. 291558)

[ view plain ]
MARC details
000 -LEADER
fixed length control field 00703nam a2200241Ia 4500
008 - FIXED-LENGTH DATA ELEMENTS--GENERAL INFORMATION
fixed length control field 160319s9999 xx 000 0 und d
020 ## - INTERNATIONAL STANDARD BOOK NUMBER
International Standard Book Number 971-898900-5
050 ## - LIBRARY OF CONGRESS CALL NUMBER
Classification number FIL JQ 1429.P5
050 ## - LIBRARY OF CONGRESS CALL NUMBER
Item number .T46 2000
100 ## - MAIN ENTRY--PERSONAL NAME
Personal name Tendero, Avelino P.
245 ## - TITLE STATEMENT
Title Theory and practice of public administration in the Philippines /
245 ## - TITLE STATEMENT
Statement of responsibility, etc Avelino P. Tendero.
250 ## - EDITION STATEMENT
Edition statement Revised Edition
260 ## - PUBLICATION, DISTRIBUTION, ETC. (IMPRINT)
Place of publication, distribution, etc Manila:
260 ## - PUBLICATION, DISTRIBUTION, ETC. (IMPRINT)
Name of publisher, distributor, etc Fiscal Administration Foundation, Inc.,
260 ## - PUBLICATION, DISTRIBUTION, ETC. (IMPRINT)
Date of publication, distribution, etc 2000
300 ## - PHYSICAL DESCRIPTION
Extent 433 pages :
300 ## - PHYSICAL DESCRIPTION
Other physical details illustrations ;
300 ## - PHYSICAL DESCRIPTION
Dimensions 22 cm.
500 ## - GENERAL NOTE
General note Includes index.
650 ## - SUBJECT ADDED ENTRY--TOPICAL TERM
Topical term or geographic name as entry element Public administration -- Philippines.
650 ## - SUBJECT ADDED ENTRY--TOPICAL TERM
General subdivision Administrative law -- Philippines.
Holdings
Withdrawn status Lost status Damaged status Home library Current library Shelving location Date acquired Cost, normal purchase price Total Checkouts Full call number Barcode Date last seen Price effective from Koha item type
      South Mansfield College South Mansfield College Filipiniana Section   300.00   FIL JQ 1429.P5 .T46 2000 SMC00012 03/19/2016 03/19/2016  

Theory and practice of public administration in the Philippines /

APA

Tendero A. P., .Theory and practice of public administration in the Philippines. Manila: .

Chicago

Tendero Avelino P, .Theory and practice of public administration in the Philippines. Manila: .

Harvard

Tendero A. P., .Theory and practice of public administration in the Philippines. Manila: .

MLA

Tendero Avelino P, .Manila: . .

  • Place hold
  • Print
  • Cite
  • Add to your cart (remove)
  • Save record
    BIBTEX Dublin Core MARCXML MARC (non-Unicode/MARC-8) MARC (Unicode/UTF-8) MARC (Unicode/UTF-8, Standard) MODS (XML) RIS
  • More searches
    Search for this title in:
    Other Libraries (WorldCat) Other Databases (Google Scholar) Online Stores (Bookfinder.com) Open Library (openlibrary.org)

Exporting to Dublin Core...

SOUTHVILLE LIBRARY

Southville International School and Colleges Library

1281 Tropical Ave. Cor. Luxembourg St., BF Homes International, Las Pinas City

Tel. No. 8256374 / 252358 Loc. 117/146

Powered by Koha